| Tag |
First Indicator |
Second Indicator |
Subfields |
| LEADER |
00000nam a2200000 i 4500 |
| 001 |
in00004053821 |
| 005 |
20190307104017.0 |
| 006 |
m o d f |
| 007 |
cr bn||||||||| |
| 008 |
160718s2006 vauab ob f000 0 eng c |
| 035 |
|
|
|a (OCoLC)ocn953696960
|
| 042 |
|
|
|a pcc
|
| 043 |
|
|
|a n-us-co
|
| 040 |
|
|
|a COP
|b eng
|e rda
|e pn
|c COP
|d OCLCO
|d OCLCA
|d OCLCF
|d GPO
|d MvI
|
| 049 |
|
|
|a WWW
|
| 074 |
|
|
|a 0620-A (online)
|
| 086 |
0 |
|
|a I 19.4/2:1284
|
| 100 |
1 |
|
|a Murphy, Sheila F.,
|e author.
|
| 245 |
1 |
0 |
|a State of the watershed :
|b water quality of Boulder Creek, Colorado /
|c by Sheila Murphy ; prepared in cooperation with the City of Boulder, Colorado.
|
| 264 |
|
1 |
|a Reston, Virginia :
|b U.S. Department of the Interior, U.S. Geological Survey,
|c 2006.
|
| 300 |
|
|
|a 1 online resource (iii, 34 pages) :
|b illustrations, map.
|
| 336 |
|
|
|a text
|b txt
|2 rdacontent
|
| 337 |
|
|
|a computer
|b c
|2 rdamedia
|
| 338 |
|
|
|a online resource
|b cr
|2 rdacarrier
|
| 490 |
1 |
|
|a U.S. Geological Survey Circular ;
|v 1284
|
| 588 |
|
|
|a Title from title screen (viewed August 19, 2015).
|
| 504 |
|
|
|a Includes bibliographical references (pages 31-33).
|
| 651 |
|
0 |
|a Boulder Creek Watershed (Boulder County and Weld County, Colo.)
|
| 650 |
|
0 |
|a Water quality
|z Colorado
|z Boulder Creek Watershed (Boulder County and Weld County)
|
| 650 |
|
7 |
|a Water quality.
|2 fast
|0 (OCoLC)fst01171832
|
| 710 |
2 |
|
|a Geological Survey (U.S.),
|e issuing body.
|
| 710 |
1 |
|
|a Boulder (Colo.)
|
| 776 |
0 |
8 |
|i Print version:
|a Murphy, Sheila F.
|t State of the watershed
|w (DLC) 2005035604
|w (OCoLC)63227947
|
| 830 |
|
0 |
|a U.S. Geological Survey circular ;
|v 1284.
|
| 856 |
4 |
0 |
|u https://purl.fdlp.gov/GPO/gpo113658
|t 0
|
| 999 |
f |
f |
|s 03aa29eb-46f6-3540-8188-a7ced5ccc304
|i 76c8b886-75a2-31f3-ab1a-9e1ae59fb7e2
|t 0
|
| 952 |
f |
f |
|a Texas A&M University
|b College Station
|c Electronic Resources
|d Available Online
|t 0
|e I 19.4/2:1284
|h Superintendent of Documents classification
|
| 998 |
f |
f |
|a I 19.4/2:1284
|t 0
|l Available Online
|